书目信息 |
| 题名: |
大学生法律教程
|
|
| 作者: | 彭卫东 主编 | |
| 分册: | ||
| 出版信息: | 北京 光明日报出版社 2022.02 |
|
| 页数: | 228页 | |
| 开本: | 24cm | |
| 丛书名: | ||
| 单 册: | ||
| 中图分类: | D920.1 | |
| 科图分类: | ||
| 主题词: | 法律--fa lu^--中国--高等学校--教材 | |
| 电子资源: | ||
| ISBN: | 978-7-5194-6070-9 | |
| 000 | 01178nam0 2200253 450 | |
| 001 | CAL 0120227399082 | |
| 005 | 20230217093112.0 | |
| 010 | @a978-7-5194-6070-9@dCNY38.00 | |
| 100 | @a20220525d2022 em y0chiy0120 ea | |
| 101 | 0 | @achi |
| 102 | @aCN@b110000 | |
| 105 | @ay a 000yy | |
| 106 | @ar | |
| 200 | 1 | @a大学生法律教程@Ada xue sheng fa lu^ jiao cheng@f彭卫东主编 |
| 210 | @a北京@c光明日报出版社@d2022.02 | |
| 215 | @a228页@d24cm | |
| 314 | @a彭卫东, 男, 硕士, 教授, 一直从事教育领域工作, 现任江西工程学院常务副校长兼马克思主义学院院长。 | |
| 320 | @a有书目 (第223-228页) | |
| 330 | @a本书分为上、下两篇。上篇为综述篇, 包括关于民法的制定和改革过程、主要内容、体系创新、“三大特色”以及加强大学生民法教育等内容。下篇为分述篇, 设有三个章节, 紧扣新时代法律体系的中国特色、实践特色、时代特色依次展开论述。从“案例”入手, 每篇的每个章节都选有十个案例, 每个案例又围绕着案例扫描、法律剖析、法律拓展、学法启示、习题精选等栏目进行分析, 从而使本书具有较强的针对性、指导性和实用性。 | |
| 606 | 0 | @a法律@Afa lu^@y中国@x高等学校@j教材 |
| 690 | @aD920.1@v5 | |
| 701 | 0 | @a彭卫东@Apeng wei dong@4主编 |
| 801 | 0 | @aCN@bBJXHZP@c20230228 |
| 905 | @b1382032-5@dD920.1@e2291@f4 | |
| 大学生法律教程/彭卫东主编.-北京:光明日报出版社,2022.02 |
| 228页;24cm |
| ISBN 978-7-5194-6070-9:CNY38.00 |
| 本书分为上、下两篇。上篇为综述篇, 包括关于民法的制定和改革过程、主要内容、体系创新、“三大特色”以及加强大学生民法教育等内容。下篇为分述篇, 设有三个章节, 紧扣新时代法律体系的中国特色、实践特色、时代特色依次展开论述。从“案例”入手, 每篇的每个章节都选有十个案例, 每个案例又围绕着案例扫描、法律剖析、法律拓展、学法启示、习题精选等栏目进行分析, 从而使本书具有较强的针对性、指导性和实用性。 |
| ● |
| 相关链接 |
|
|
|
|
正题名:大学生法律教程
索取号:D920.1/2291
 
预约/预借
| 序号 | 登录号 | 条形码 | 馆藏地/架位号 | 状态 | 备注 |
| 1 | 1382032 | 213820329 | 第一样本阅览室/ [索取号:D920.1/2291] | 在馆 | |
| 2 | 1382033 | 213820338 | 第一借阅区/ [索取号:D920.1/2291] | 在馆 | |
| 3 | 1382034 | 213820347 | 第一借阅区/ [索取号:D920.1/2291] | 在馆 | |
| 4 | 1382035 | 213820356 | 第一借阅区/ [索取号:D920.1/2291] | 在馆 |